México y la Gran Bretaña durante la Intervención y el Segundo Imperio Mexicano, 1862-1867 /
Guardado en:
| Autor principal: | |
|---|---|
| Formato: | Libro |
| Idioma: | Español |
| Publicado: |
México :
Secretaría de Relaciones Exteriores, Archivo Histórico Diplomático Mexicano,
1974, c1974
|
| Colección: | (Archivo Histórico Diplomático Mexicano Tercera Epoca. Serie Documental ;
10) |
| Temas: | |
| Etiquetas: |
Sin etiquetas, Sé el primero en etiquetar este registro!
|
MARC
| LEADER | 00000nam^a2200000^a^4500 | ||
|---|---|---|---|
| 001 | 000142994 | ||
| 005 | 20250521000000.0 | ||
| 009 | 20260310095707.473 | ||
| 037 | |a Acervo ITESO - Biblioteca | ||
| 041 | |a ESP | ||
| 082 | |a 972. 04 |b GRA | ||
| 100 | |a Grajales, Gloria |e (selec.) | ||
| 245 | 1 | 0 | |a México y la Gran Bretaña durante la Intervención y el Segundo Imperio Mexicano, 1862-1867 / |c Selec., introd. y tr. por G. Grajales. |
| 264 | 4 | |a México : |b Secretaría de Relaciones Exteriores, Archivo Histórico Diplomático Mexicano, |c 1974, c1974 | |
| 300 | |a 237 p. | ||
| 336 | |a texto |b txt |2 rdacontenido | ||
| 337 | |a sin mediación |b n |2 rdamedio | ||
| 338 | |a volumen |b nc |2 rdasoporte | ||
| 440 | 1 | |a (Archivo Histórico Diplomático Mexicano Tercera Epoca. |p Serie Documental ; |v 10) | |
| 649 | |a XX | ||
| 650 | |a Relaciones Internacionales - |z México-Inglaterra - |x Historia | ||
| 650 | |a Política Exterior - |z México - |x Historia | ||
| 650 | |a Política Exterior - |z Inglaterra - |x Historia | ||
| 650 | |a Política - |z México - |x Historia | ||
| 650 | |a Política - |z Inglaterra - |x Historia | ||
| 650 | |a Diplomacia | ||
| 650 | |a México - |x Historia - |x Documentos | ||
| 650 | |a México - |x Historia - |y Intervención y Segundo Imperio, 1861-1867 | ||
| 650 | |a México - |x Historia - |y Siglo XIX | ||
| 650 | |a Inglaterra - |x Historia - |x Documentos | ||
| 650 | |a Inglaterra - |x Historia - |y Victoria I, 1837-1901 | ||
| 650 | |a Inglaterra - |x Historia - |y Período Victoriano y Casa de Windsor, 1837 en Adelante | ||
| 910 | |a Fondo General | ||
| 920 | |a Impresos - Libros | ||
| 930 | |a Colección General | ||
| 905 | |a 101 | ||
| 901 | |a 0500071554 |b IT1 |c ACC |u 20250521 | ||
| 901 | |a 0500084913 |b IT1 |c ACC |u 20250521 | ||
| 902 | |a https://opac.biblio.iteso.mx/vufind/Record/000142994 | ||